<?xml version="1.0" encoding="UTF-8"?>
<record
    xmlns:xsi="http://www.w3.org/2001/XMLSchema-instance"
    xsi:schemaLocation="http://www.loc.gov/MARC21/slim http://www.loc.gov/standards/marcxml/schema/MARC21slim.xsd"
    xmlns="http://www.loc.gov/MARC21/slim">

  <leader>00914nam a2200253 a 4500</leader>
  <controlfield tag="001">BRL_459</controlfield>
  <controlfield tag="005">20190320210742.0</controlfield>
  <controlfield tag="008">160813s1991----mx-a######---#000-0#spa-#</controlfield>
  <datafield tag="041" ind1=" " ind2=" ">
    <subfield code="a">spa</subfield>
  </datafield>
  <datafield tag="044" ind1=" " ind2=" ">
    <subfield code="a">mx</subfield>
  </datafield>
  <datafield tag="050" ind1=" " ind2="4">
    <subfield code="a">GT4811.P</subfield>
    <subfield code="b">.S68 1991</subfield>
  </datafield>
  <datafield tag="100" ind1="1" ind2=" ">
    <subfield code="a">Soto Gonz&#xE1;lez, Enrique</subfield>
    <subfield code="9">23979</subfield>
  </datafield>
  <datafield tag="245" ind1="1" ind2="0">
    <subfield code="a">Fiestas Reales y Pontificias en P&#xE1;tzcuaro</subfield>
    <subfield code="c">Enrique Soto Gonz&#xE1;lez; il., Mari Lem Arraiga Calder&#xF3;n, Jos&#xE9; Ramirez Maldonado, Fernando Mart&#xED;nez Escobar.</subfield>
  </datafield>
  <datafield tag="260" ind1=" " ind2=" ">
    <subfield code="a">P&#xE1;tzcuaro, Michoac&#xE1;n, M&#xE9;xico</subfield>
    <subfield code="b">Enrique Soto Gonz&#xE1;lez</subfield>
    <subfield code="c">1991</subfield>
  </datafield>
  <datafield tag="300" ind1=" " ind2=" ">
    <subfield code="a">107 p.</subfield>
    <subfield code="b">il.</subfield>
    <subfield code="c">22 cm.</subfield>
  </datafield>
  <datafield tag="500" ind1=" " ind2=" ">
    <subfield code="a">Au500</subfield>
  </datafield>
  <datafield tag="650" ind1="1" ind2="4">
    <subfield code="a">Festivales</subfield>
    <subfield code="z">P&#xE1;tzcuaro, M&#xE9;xico</subfield>
    <subfield code="9">23980</subfield>
  </datafield>
  <datafield tag="650" ind1="1" ind2="4">
    <subfield code="a">Festividades religiosas</subfield>
    <subfield code="z">P&#xE1;tzcuaro, M&#xE9;xico</subfield>
    <subfield code="9">23981</subfield>
  </datafield>
  <datafield tag="700" ind1="1" ind2=" ">
    <subfield code="a">Arraiga Calder&#xF3;n, Mari Lem</subfield>
    <subfield code="e">il.</subfield>
    <subfield code="9">23982</subfield>
  </datafield>
  <datafield tag="700" ind1="1" ind2=" ">
    <subfield code="a">Ramirez Maldonado, Jos&#xE9;</subfield>
    <subfield code="e">il.</subfield>
    <subfield code="9">23983</subfield>
  </datafield>
  <datafield tag="700" ind1="1" ind2=" ">
    <subfield code="a">Mart&#xED;nez Escobar, Fernando</subfield>
    <subfield code="e">il.</subfield>
    <subfield code="9">23984</subfield>
  </datafield>
  <datafield tag="902" ind1=" " ind2=" ">
    <subfield code="a">GRL</subfield>
  </datafield>
  <datafield tag="942" ind1=" " ind2=" ">
    <subfield code="2">lcc</subfield>
    <subfield code="c">B</subfield>
  </datafield>
  <datafield tag="999" ind1=" " ind2=" ">
    <subfield code="c">9271</subfield>
    <subfield code="d">9271</subfield>
  </datafield>
  <datafield tag="952" ind1=" " ind2=" ">
    <subfield code="0">0</subfield>
    <subfield code="1">0</subfield>
    <subfield code="4">0</subfield>
    <subfield code="7">0</subfield>
    <subfield code="a">BRL</subfield>
    <subfield code="b">BRL</subfield>
    <subfield code="d">2013-08-16</subfield>
    <subfield code="i">Au500</subfield>
    <subfield code="l">0</subfield>
    <subfield code="o">GT4811.P .S68 1991 (Au500)</subfield>
    <subfield code="p">GRL00493</subfield>
    <subfield code="r">2019-03-22 00:00:00</subfield>
    <subfield code="w">2019-03-22</subfield>
    <subfield code="y">B</subfield>
  </datafield>
</record>
